| 000 | 02528cam a22005894i 4500 | ||
|---|---|---|---|
| 003 | PE-LiUPU | ||
| 005 | 20250731180052.0 | ||
| 008 | 020501s1992 mx g 000 0 spa d | ||
| 020 | _a9681840372 | ||
| 020 | _a9789681840372 | ||
| 035 | _a(Sirsi) i9789681840372 | ||
| 040 |
_aPE-LiUPU _bspa _cPE-LiUPU _erda |
||
| 049 | _aPRUA | ||
| 080 | _a573 | ||
| 082 | 0 | 4 |
_a574 _bO92 |
| 100 | 1 |
_aOvermire, Thomas G., _eautor. |
|
| 245 | 1 | 0 |
_aBiología / _cThomas G. Overmire ; versión en español Manuel Guzmán. |
| 264 | 1 |
_aMéxico : _bLimusa/Grupo Noriega, _c[1995]. |
|
| 300 |
_a637 páginas : _bilustraciones ; _c24 centímetros |
||
| 336 |
_atext _2rdacontent |
||
| 337 |
_aunmediated _2rdamedia |
||
| 338 |
_avolume _2rdacarrier |
||
| 505 | 0 | _aAmbiente -- Las vías biológicas -- Poblaciones -- El mundo cambiante -- Efecto del hombre sobre el ambiente --Energética -- La naturaleza básica de la vida -- Células -- Metabolismo -- Nutrición -- Interacción -- Homeostasis -- Regulación. | |
| 526 | _aSEG44 | ||
| 526 | _aSEG26 | ||
| 526 | _aP159 | ||
| 526 | _aP155 | ||
| 526 | _aP154 | ||
| 526 | _aP153 | ||
| 526 | _aP150 | ||
| 526 | _aP100 | ||
| 526 | _aP31 | ||
| 526 | _aP30 | ||
| 526 | _aP26 | ||
| 526 | _aP25 | ||
| 526 | _aP24 | ||
| 526 | _aP22 | ||
| 526 | _aP15 | ||
| 526 | _aP10 | ||
| 650 | 0 | 4 | _aBiología. |
| 910 |
_ajck _cbd |
||
| 942 |
_2ddc _cBOOK |
||
| 949 |
_a574 O92 _wDEWEY _c1 _i70231 _d2016-4-22 _e2016-4-19 _lCCODEBUL1 _mBUL _n3 _p44.00 _r0 _sY _tBOOK _u2015-7-24 _xINGENIERIA _PP24 _0COMPRA _o.STAFF. Colección General |
||
| 949 |
_a574 O92 2011 _wDEWEY _c1 _iFJ06019 _lCCODEBUJ1 _mBUJ _p37.80 _r0 _sY _tBOOK _u2016-11-23 _xINGENIERIA _zAMBIENTALL _0COMPRA _o.STAFF -- Colección General Juliaca |
||
| 994 |
_aC0 _bPEPRU |
||
| 596 | _a1 3 | ||
| 999 |
_a574 O92 _wDEWEY _c6553 _i70231 _d6553 _e2019-5-21 _f2021-11-9 _g7 _lCCODEBUL1 _mBUL _n6 _p44.00 _q2 _r0 _sY _tBOOK _u2015-7-24 _xINGENIERIA _PP24 _0COMPRA _o.STAFF. Colección General |
||
| 999 |
_a574 O92 2011 _wDEWEY _c1 _iFJ06019 _d2018-10-3 _e2018-8-22 _f2022-1-25 _g4 _lCCODEBUJ1 _mBUJ _n1 _p37.80 _q4 _r0 _sY _tBOOK _u2017-1-25 _xBIBLIOTECA _zUNKNOWN _0COMPRA _o.STAFF. Colección General Juliaca |
||
| 999 |
_a574 O92 _wDEWEY _c1 _iFJ06024 _d2017-9-27 _e2017-3-23 _f2022-1-25 _g4 _lCCODEBUJ1 _mBUJ _n1 _p32.00 _q1 _r0 _sY _tBOOK _u2017-1-25 _xBIBLIOTECA _zUNKNOWN _0COMPRA _o.STAFF. Colección General Juliaca |
||
| 980 |
_81 _gALBERTO SANCHEZ Responsable de Automatización |
||